Statistics for States of Germany in 90 Seconds

Click here to take the quiz!

General Stats

  • This quiz has been taken 60 times
  • The average score is 11 of 16

Answers on the Map

Answers color-coded by a green-red scale on the quiz's map according to % correct below.
 

Answer Stats

State% Correct
Bavaria
92%
Berlin
85%
Hamburg
85%
Lower Saxony
77%
Saxony
77%
Bremen
73%
Schleswig-Holstein
73%
Brandenburg
69%
Mecklenburg-Vorpommern
69%
Baden-Württemberg
65%
Hesse
65%
North Rhine-Westphalia
65%
Saarland
58%
Saxony-Anhalt
58%
Thuringia
58%
Rhineland-Palatinate
54%

Score Distribution

Percentile by Number Answered

Percent of People with Each Score

Your Score History

You have not taken this quiz